The New American Roget's College Thesaurus in Dictionary Form; (Record no. 3698)
[ view plain ]
| 000 -LEADER | |
|---|---|
| fixed length control field | 00494nam a22001697a 4500 |
| 003 - CONTROL NUMBER IDENTIFIER | |
| control field | OSt |
| 005 - DATE AND TIME OF LATEST TRANSACTION | |
| control field | 20181211145631.0 |
| 008 - FIXED-LENGTH DATA ELEMENTS--GENERAL INFORMATION | |
| fixed length control field | 181116b ||||| |||| 00| 0 eng d |
| 040 ## - CATALOGING SOURCE | |
| Transcribing agency | DLC |
| 082 ## - DEWEY DECIMAL CLASSIFICATION NUMBER | |
| Classification number | REF 409.2 |
| Item number | R732R |
| 100 ## - MAIN ENTRY--PERSONAL NAME | |
| Personal name | The National Lexicographic Board. |
| 245 ## - TITLE STATEMENT | |
| Title | The New American Roget's College Thesaurus in Dictionary Form; |
| Statement of responsibility, etc. | Albert H. Morehead. |
| 260 ## - PUBLICATION, DISTRIBUTION, ETC. | |
| Place of publication, distribution, etc. | New York; |
| Name of publisher, distributor, etc. | Mentor and plume Books/ |
| Date of publication, distribution, etc. | c1962. |
| 300 ## - PHYSICAL DESCRIPTION | |
| Extent | 414 p.: |
| 650 ## - SUBJECT ADDED ENTRY--TOPICAL TERM | |
| Chronological subdivision | Dictionary Form |
| 942 ## - ADDED ENTRY ELEMENTS (KOHA) | |
| Source of classification or shelving scheme | Dewey Decimal Classification |
| Koha item type | Reference |
| Withdrawn status | Lost status | Source of classification or shelving scheme | Damaged status | Not for loan | Collection code | Home library | Current library | Shelving location | Date acquired | Cost, normal purchase price | Total Checkouts | Full call number | Barcode | Date last seen | Price effective from | Koha item type |
|---|---|---|---|---|---|---|---|---|---|---|---|---|---|---|---|---|
| Dewey Decimal Classification | Not For Loan | Reference | Harvest Mission College | Harvest Mission College | Reference | 16.11.2018 | 600.00 | REF 409.2 R732R | 004267 | 16.11.2018 | 16.11.2018 | Reference |
